Thriving on Chaos Handbook for a Management Revolution
Guardado en:
| Autor principal: | |
|---|---|
| Formato: | Libro |
| Lenguaje: | inglés |
| Publicado: |
New York
Knopf
1994
|
| Edición: | 1. ed., 17. print. |
| Materias: | |
| Etiquetas: |
Sin Etiquetas, Sea el primero en etiquetar este registro!
|
MARC
| LEADER | 00000nam a2200000 4500 | ||
|---|---|---|---|
| 001 | c014266 | ||
| 005 | 20221205141120.8 | ||
| 020 | |a 0-394-56784-6 | ||
| 041 | 0 | |a eng | |
| 044 | |a US | ||
| 245 | 1 | 0 | |a Thriving on Chaos |b Handbook for a Management Revolution |c Tom Peters |
| 250 | |a 1. ed., 17. print. | ||
| 264 | 1 | |a New York |b Knopf |c 1994 | |
| 300 | |a 561 s. | ||
| 610 | 2 | 0 | |a manažment |
| 610 | 2 | 0 | |a riadenie |
| 610 | 2 | 0 | |a veda o riadení |
| 610 | 2 | 0 | |a vedenie |
| 610 | 2 | 0 | |a teória riadenia |
| 100 | 1 | |a Peters, Thomas J. | |